000 00746nja a2200205 a 4500
003 BLK
005 20240321130132.0
008 180414c bul|r|ner|||| 00| c0bul d
010 _aNOT00003072152
040 _aBLK
700 _aВеличков, Константин
_gписател и общественик
_d1855 - 1907
_qПетков, Константин Величков
_9256726
245 1 0 _aПод снега
_cтекст Константин Величков.
257 _aBGR
380 _a7
773 _0315112
_9667894
_tГодината в песни
852 _aЦб М ІІ 11784
942 _cNOT
_n0
944 _aCR
_c14.01.2010
_k30545
_lНора Радева
944 _aED
_c12.11.2014
_kВиолета_Тройчева
999 _c315264
_d315264